[Event "Tilburg"]
[Site "Tilburg"]
[Date "1979.??.??"]
[Round "1"]
[White "Hort, Vlastimil"]
[Black "Romanishin, Oleg M"]
[Result "0-1"]
[WhiteElo "2595"]
[BlackElo "2580"]

1.e4 e5 2.Nf3 Nc6 3.Bb5 a6 4.Bxc6 dxc6 5.O-O Qd6 6.d4 exd4 7.Qxd4 Qxd4 8.Nxd4 Bd7
9.Be3 O-O-O 10.Nd2 c5 11.Ne2 Ne7 12.Rad1 Nc6 13.Nf3 Re8 14.Nc3 h6 15.Rfe1 Bd6
16.h3 f5 17.exf5 Bxf5 18.Re2 Rhf8 19.Ne1 b6 20.Nd5 Nd4 21.Red2 Be4 22.Nc3 Nf5
23.Re2 Bc6 24.Rdd2 Rf7 25.Nd3 c4 26.Nf4 Nxe3 27.fxe3 Bc5 28.Nfd5 Bxd5 29.Nxd5 c6
30.Nc3 Bxe3+ 31.Kh1 Rf1+ 32.Kh2 Re5 33.g3 Bxd2 34.Rxe5 Bxc3 35.bxc3 Rf2+
36.Kg1 Rxc2 37.Re7 Rxc3 38.Rxg7 Rd3 39.Kf2 c3 40.Rg8+ Kc7  0-1

[Event "Tilburg"]
[Site "Tilburg"]
[Date "1979.??.??"]
[Round "2"]
[White "Romanishin, Oleg M"]
[Black "Timman, Jan H"]
[Result "1-0"]
[WhiteElo "2560"]
[BlackElo "2625"]

1.Nf3 c5 2.e4 d6 3.Nc3 a6 4.g3 Nc6 5.Bg2 Bg4 6.Nd5 e6 7.Ne3 Bh5 8.g4 Bg6
9.d3 h5 10.g5 h4 11.h3 Be7 12.Ng4 f6 13.c3 fxg5 14.Be3 Nh6 15.Qd2 Nf7 16.O-O O-O
17.b4 cxb4 18.cxb4 Rc8 19.a3 Bf6 20.Rab1 Bh5 21.Nxf6+ gxf6 22.b5 Bxf3 23.Bxf3 Nce5
24.Bg2 g4 25.f4 gxf3 26.Bxf3 Ng5 27.Bg2 Rf7 28.Kh1 axb5 29.Rxb5 Qe7 30.Rbb1 Rg7
31.Rf4 Rf8 32.Rbf1 Ng6 33.R4f2 e5 34.Rf5 Rff7 35.Qa2 Ne6 36.Bf3 Ngf4 37.Bg4 Kh8
38.Kh2 Rg8 39.d4 Rh7 40.d5 Ng5 41.Bxf4 exf4 42.Qb2 Rh6 43.R5xf4 Qe5 44.Qc2 Re8
45.Bf5 Kg7 46.Kh1 Rhh8 47.Rg4 Rh5 48.Rg2 Re7 49.Qc1 Qd4 50.Qf4 Qe5 51.Qxe5 Rxe5
52.Rb1 Re7 53.Rb6 Rh8 54.Rxd6 Ra8 55.Rb6 Rxa3 56.d6 Re5 57.Rxb7+ Kh6 58.d7 Rd3
59.Rb8 Rxf5 60.exf5 Rxd7 61.Rh8+ Kg7 62.Rxh4 Rd3 63.Ra4 Rxh3+ 64.Rh2 Rxh2+
65.Kxh2 Nf7 66.Ra7 Kf8 67.Kg3 Nd6 68.Kg4 Ke8 69.Ra5 Nc4 70.Ra8+ Ke7 71.Kh5 Ne5
72.Kh6 Kf7 73.Kh7 Nc6 74.Ra6 Ne5 75.Ra7+ Kf8 76.Rb7  1-0

[Event "Tilburg"]
[Site "Tilburg"]
[Date "1979.??.??"]
[Round "2"]
[White "Larsen, Bent"]
[Black "Spassky, Boris V"]
[Result "1/2-1/2"]
[WhiteElo "2620"]
[BlackElo "2640"]

1.c4 g6 2.Nc3 Bg7 3.g3 d6 4.Bg2 e5 5.d3 Nc6 6.e4 Nh6 7.Nge2 O-O 8.O-O f5
9.Nd5 Be6 10.Rb1 g5 11.exf5 Nxf5 12.b4 Nfd4 13.Nxd4 Nxd4 14.Ne3 c6 15.Nc2 Nxc2
16.Qxc2 a6 17.Be3 h6 18.a4 Qd7 19.b5 axb5 20.axb5 d5 21.bxc6 bxc6 22.Rb6 Rfb8
23.cxd5 cxd5 24.Qc6 Qxc6 25.Rxc6 Bf7 26.h4 gxh4 27.gxh4 Rc8 28.Rfc1 Rxc6
29.Rxc6 Ra4 30.h5 Rh4 31.Bxh6 Bxh6 32.Rxh6 Rxh5 33.Rxh5 Bxh5 34.Bxd5+ Kg7
35.Kh2  1/2-1/2

[Event "Tilburg"]
[Site "Tilburg"]
[Date "1979.??.??"]
[Round "2"]
[White "Sax, Gyula"]
[Black "Karpov, Anatoly"]
[Result "1/2-1/2"]
[WhiteElo "2590"]
[BlackElo "2705"]

1.e4 e5 2.Nf3 Nc6 3.Nc3 Nf6 4.d4 exd4 5.Nd5 Be7 6.Nxd4 Nxd5 7.exd5 Nxd4 8.Qxd4 O-O
9.Be2 Bf6 10.Qd1 d6 11.O-O Bf5 12.Bd3 Qd7 13.c3 Rfe8 14.a4 Be4 15.Bxe4 Rxe4
16.Qb3 c5 17.dxc6 bxc6 18.Be3 Rae8 19.Rad1 d5 20.Qc2 Be5 21.Rd3 h5 22.Qd1 g6
23.b3 Bb8 24.Qf3 Rh4 25.g3 Qh3 26.Qg2 Qf5 27.Rfd1 Rhe4 28.b4 h4 29.b5 hxg3
30.hxg3 Bxg3 31.bxc6 Be5 32.Kf1 Qf6 33.c4 Bc7 34.Bxa7 dxc4 35.Bd4 Qxc6 36.Rh3 Be5
37.Re3 Bg7 38.Bxg7 Kxg7 39.Rd4 f5 40.Qf3 R8e5 41.Rexe4 Rxe4 42.Rxe4 fxe4
43.Qc3+ Kf7 44.a5 Ke6 45.Ke2 Kd5 46.Qb4 c3 47.Kd1 g5 48.Qb3+ Kd6 49.Kc2 g4
50.Qf7 Qa4+ 51.Kxc3 Qa3+ 52.Kd2 Qxa5+ 53.Ke3  1/2-1/2

[Event "Tilburg"]
[Site "Tilburg"]
[Date "1979.??.??"]
[Round "3"]
[White "Hort, Vlastimil"]
[Black "Larsen, Bent"]
[Result "0-1"]
[WhiteElo "2535"]
[BlackElo "2620"]

1.d4 Nf6 2.c4 d6 3.Nc3 e5 4.Nf3 Nbd7 5.e4 Be7 6.Be2 O-O 7.O-O c6 8.Re1 a6
9.d5 cxd5 10.cxd5 b5 11.Bf1 Nb6 12.a3 Bd7 13.b3 Qb8 14.Bd2 Ne8 15.Bd3 Qb7
16.Be3 g6 17.a4 b4 18.Ne2 a5 19.Bh6 Ng7 20.Ng3 Rfc8 21.Rc1 Rxc1 22.Qxc1 Rc8
23.Qb1 Bd8 24.Nd2 Ne8 25.Ngf1 Nf6 26.Ne3 Ng4 27.Nxg4 Bxg4 28.Be3 Bd7 29.Rc1 Rc3
30.Nf1 Rxc1 31.Qxc1 Nc8 32.Nd2 f5 33.g3 Nb6 34.f3 fxe4 35.fxe4 h5 36.Kg2 h4
37.gxh4 Bxh4 38.Nf3 Bd8 39.Bg5 Qc7 40.Qe3 Bg4 41.Bxd8 Bxf3+ 42.Kxf3 Qxd8
43.Bb5 Nc8 44.Ke2 Kg7 45.Ba6 Nb6 46.Bb5 Qc7 47.Bc6 Nc8 48.h4 Ne7 49.Kd3 Qc8
50.Qa7 Qh3+ 51.Kd2 Qxh4 52.Kd3 Qh3+ 53.Ke2 Qg4+ 54.Kf2 Qf4+ 55.Kg1 Qc1+ 56.Kh2 Qc2+
57.Kg3 Qxb3+ 58.Kh4 g5+ 59.Kg4 Qd1+ 60.Kxg5 Qd2+ 61.Kg4 Qg2+  0-1

[Event "Tilburg"]
[Site "Tilburg"]
[Date "1979.??.??"]
[Round "4"]
[White "Kavalek, Lubomir"]
[Black "Spassky, Boris V"]
[Result "1/2-1/2"]
[WhiteElo "2590"]
[BlackElo "2640"]

1.e4 e5 2.Nf3 Nc6 3.Bb5 a6 4.Ba4 Nf6 5.O-O Be7 6.Re1 b5 7.Bb3 d6 8.c3 O-O
9.h3 Nb8 10.d4 Nbd7 11.Nbd2 Bb7 12.Bc2 Re8 13.Nf1 Bf8 14.Ng3 g6 15.a4 c5
16.d5 c4 17.Bg5 h6 18.Be3 Nc5 19.Ra3 Rb8 20.Nd2 Bc8 21.axb5 axb5  1/2-1/2

[Event "Tilburg"]
[Site "Tilburg"]
[Date "1979.??.??"]
[Round "4"]
[White "Romanishin, Oleg M"]
[Black "Sosonko, Gennadi"]
[Result "0-1"]
[WhiteElo "2560"]
[BlackElo "2535"]

1.e4 c5 2.Nf3 d6 3.Nc3 Nf6 4.d4 cxd4 5.Nxd4 g6 6.Be2 Bg7 7.O-O Nc6 8.Be3 O-O
9.f4 Qb6 10.Kh1 Nxe4 11.Nxc6 Qxc6 12.Nd5 Qd7 13.Bd4 e5 14.Bf3 exd4 15.Bxe4 Re8
16.Bf3 Qd8 17.a4 Bf5 18.a5 Rc8 19.Nb4 Rc4 20.Qd2 Qd7 21.Rfe1 Re3 22.Bd5 Rc5
23.Bb3 h5 24.Nd5 Rxe1+ 25.Rxe1 Be6 26.Nb4 Bxb3 27.cxb3 Rxa5 28.Nd3 Rb5 29.b4 Rb6
30.Ra1 a6 31.Ra5 Qe6 32.h3 Qe3 33.Qd1 Bf6 34.Ra3 Qe4 35.Ra5 Bh4 36.f5 Rc6
37.fxg6 fxg6 38.b5 axb5 39.Rxb5 Bg3 40.Rb3 Qe3 41.Ra3 Kg7 42.Ra1 Rc7 43.Rc1 Rf7
44.Qc2 Be5 45.Rd1 Qg3 46.Nxe5 dxe5 47.Qe4 Qf4 48.Qd5 Qe3 49.Kh2 h4 50.b4 Qf4+
51.Kg1 Qf5 52.b5 Rd7 53.Qc4 d3 54.Qxh4 e4 55.Qf2 Re7 56.Qd4+ Qe5 57.Qd8 Qc5+
58.Kh1 Rf7 59.Re1 Qb4 60.Rd1 Qc3 61.Qg5 Qd4 62.h4 e3 63.h5 e2 64.Qxg6+ Kf8
65.Qh6+ Ke7 66.Qg5+  0-1

[Event "Tilburg"]
[Site "Tilburg"]
[Date "1979.??.??"]
[Round "4"]
[White "Smyslov, Vassily"]
[Black "Sax, Gyula"]
[Result "0-1"]
[WhiteElo "2560"]
[BlackElo "2590"]

1.Nf3 Nf6 2.g3 g6 3.Bg2 Bg7 4.O-O O-O 5.d4 d6 6.Nc3 Nbd7 7.e4 e5 8.dxe5 dxe5
9.b3 b6 10.a4 Bb7 11.Nd2 Re8 12.Ba3 Bf8 13.Bxf8 Nxf8 14.Nc4 Ne6 15.Re1 Qd4
16.Nd5 Kg7 17.Qf3 Bxd5 18.exd5 e4 19.Qd1 Nxd5 20.Bxe4 Rad8 21.Bxd5 Qxd5 22.Qxd5 Rxd5
23.Rad1 Red8 24.Rxd5 Rxd5 25.Kg2 Kf6 26.Ne3 Rd2 27.Ng4+ Ke7 28.Ne3 Kd7 29.Rd1 Rxd1
30.Nxd1 Nd4 31.Ne3 Kd6 32.h4 Kc5 33.Kf1 Kb4 34.Ke1 Kc3 35.Kd1 c6 36.Kc1 Nf3
37.Nc4 f5 38.Nb2 f4 39.Nc4 Nd4 40.Ne5 fxg3 41.fxg3 c5 42.a5 Nxc2 43.axb6 axb6
44.Nd7 Nd4 45.Nxb6 Ne2+ 46.Kd1 Nxg3 47.Nd7 Kb4 48.Kc2 Nf5 49.Nf8 Nxh4 50.Nxh7 Nf5
51.Nf6 Nd4+ 52.Kd3 Kxb3 53.Nd7 Ne6 54.Ne5 g5  0-1

[Event "Tilburg"]
[Site "Tilburg"]
[Date "1979.??.??"]
[Round "5"]
[White "Karpov, Anatoly"]
[Black "Larsen, Bent"]
[Result "1-0"]
[WhiteElo "2705"]
[BlackElo "2620"]

1.e4 c6 2.d4 d5 3.Nd2 dxe4 4.Nxe4 Nf6 5.Ng3 g6 6.Nf3 Bg7 7.Be2 O-O 8.O-O Qb6
9.b3 Bg4 10.Bb2 a5 11.a4 Nbd7 12.h3 Bxf3 13.Bxf3 Rad8 14.Qe2 Rfe8 15.Rfe1 Nf8
16.Qc4 Ne6 17.Rxe6 fxe6 18.Qxe6+ Kh8 19.Re1 Qb4 20.h4 Qd6 21.Qh3 e6 22.h5 gxh5
23.Re5 Re7 24.Qh4 Rf8 25.Nxh5 Nxh5 26.Rxh5 Bf6 27.Qe4 Rd8 28.Rxa5 Bxd4 29.Bc1 Rf7
30.Rh5 Bf6 31.Be3 Bd4 32.Bg5 Rg8 33.Kf1 c5 34.Bc1 Qa6+ 35.Kg1 b5 36.Bf4 bxa4
37.Be5+ Bxe5 38.Qxe5+ Rgg7 39.Rg5 axb3 40.Qb8+  1-0

[Event "Tilburg"]
[Site "Tilburg"]
[Date "1979.??.??"]
[Round "5"]
[White "Sax, Gyula"]
[Black "Romanishin, Oleg M"]
[Result "1/2-1/2"]
[WhiteElo "2590"]
[BlackElo "2560"]

1.e4 e5 2.Nf3 Nc6 3.c3 Be7 4.d4 exd4 5.cxd4 d5 6.exd5 Nb4 7.Bb5+ Bd7 8.Bxd7+ Qxd7
9.O-O Nxd5 10.Ne5 Qd6 11.Qg4 Bf6 12.Nc3 Nge7 13.Ne4 Qe6 14.Qxe6 fxe6 15.Nc5 Nf5
16.Nxe6 Ke7 17.Nf4 Nxf4 18.Bxf4 Nxd4 19.Rae1 Ne6 20.Bg3 Rhd8 21.Re3 Kf8 22.Ng4 Kf7
23.Rfe1 Re8 24.Nxf6 gxf6 25.Kf1 Rad8 26.f3 c5 27.Bf2 b6 28.Re4 Rd2 29.Rh4 Nf8
30.Rxe8 Kxe8 31.Re4+ Kf7 32.Re2  1/2-1/2

[Event "Tilburg"]
[Site "Tilburg"]
[Date "1979.??.??"]
[Round "5"]
[White "Timman, Jan H"]
[Black "Huebner, Robert"]
[Result "1/2-1/2"]
[WhiteElo "2625"]
[BlackElo "2595"]

1.d4 Nf6 2.c4 e6 3.Nc3 d5 4.Bg5 Be7 5.e3 O-O 6.Nf3 h6 7.Bh4 b6 8.Rc1 Bb7
9.Bxf6 Bxf6 10.cxd5 exd5 11.b4 c5 12.bxc5 bxc5 13.dxc5 Nd7 14.Nb5 Rc8 15.Nd6 Rxc5
16.Nxb7 Rxc1 17.Qxc1 Qb6 18.Bd3 Qb4+ 19.Ke2 Qxb7 20.Qb1 Rb8 21.Qxb7 Rxb7
22.Rc1 Kf8 23.a4 Ke7 24.Bb5 Nb8 25.Nd2 a6 26.Bd3 Rb4 27.e4 Rxa4 28.exd5 Rd4
29.Rc7+ Nd7 30.Bxa6 Rxd5 31.Bc4 Re5+ 32.Kf1 Rc5 33.Rxc5  1/2-1/2

[Event "Tilburg"]
[Site "Tilburg"]
[Date "1979.??.??"]
[Round "7"]
[White "Romanishin, Oleg M"]
[Black "Portisch, Lajos"]
[Result "1/2-1/2"]
[WhiteElo "2560"]
[BlackElo "2640"]

1.e4 c5 2.Nc3 d6 3.f4 g6 4.d4 cxd4 5.Qxd4 Nf6 6.e5 Nc6 7.Bb5 Nh5 8.Be3 Bg7
9.Qd1 dxe5 10.Qxd8+ Kxd8 11.O-O-O+ Bd7 12.fxe5 Bxe5 13.Nd5 Ng7 14.Nf3 Bd6
15.Rhe1 Ne6 16.Ng5 Ne5 17.Nc3 f6 18.Nge4 Bb4 19.Rxd7+ Nxd7 20.Rd1 Nf8 21.Bh6 a6
22.Bc4 Bxc3 23.Nxc3 Rc8 24.Bb3 e6 25.Bxf8 Rxf8 26.Bxe6 Rc7 27.Nd5 Nb8 28.Nxf6+ Ke7
29.Nd5+ Kxe6 30.Nxc7+ Ke5 31.Nd5 Rf2 32.Ne3 Kf4 33.Rd3 Nc6 34.Kd1 Ke4 35.Ke1 Rxc2
36.Rb3 Rc5 37.Ng4 Kf4 38.Nf2 Rb5 39.Rf3+ Kg5 40.Nd3  1/2-1/2

[Event "Tilburg"]
[Site "Tilburg"]
[Date "1979.??.??"]
[Round "8"]
[White "Kavalek, Lubomir"]
[Black "Sosonko, Gennadi"]
[Result "1/2-1/2"]
[WhiteElo "2590"]
[BlackElo "2535"]

1.d4 Nf6 2.c4 e6 3.Nf3 d5 4.Nc3 Bb4 5.Bg5 h6 6.Bxf6 Qxf6 7.e3 c5 8.Rc1 cxd4
9.exd4 O-O 10.a3 Bxc3+ 11.Rxc3 dxc4 12.Bxc4 Rd8 13.O-O Nc6  1/2-1/2

[Event "Tilburg"]
[Site "Tilburg"]
[Date "1979.??.??"]
[Round "8"]
[White "Hort, Vlastimil"]
[Black "Timman, Jan H"]
[Result "1/2-1/2"]
[WhiteElo "2600"]
[BlackElo "2625"]

1.d4 Nf6 2.c4 e6 3.Nc3 Bb4 4.Qc2 O-O 5.a3 Bxc3+ 6.Qxc3 b6 7.Nf3 Bb7 8.b4 d6
9.Bb2 Nbd7 10.e3 c5 11.Be2 Ne4 12.Qd3 Qe7 13.O-O Rfd8 14.Nd2 Nxd2 15.Qxd2 Nf6
16.Rfd1 Rac8 17.Rac1 Ne4 18.Qe1 Qg5 19.Bf1 cxd4 20.Rxd4 e5 21.Rdd1 Nf6 22.c5 bxc5
23.bxc5 d5 24.Qa5 Bc6 25.Qxa7 d4 26.exd4 Nd5 27.Qa6 Nf4 28.g3 Qg4 29.d5 Rxd5
30.Rxd5 Bxd5 31.c6 Nh3+ 32.Bxh3 Qxh3 33.Qf1 Qxf1+ 34.Kxf1  1/2-1/2

[Event "Tilburg"]
[Site "Tilburg"]
[Date "1979.??.??"]
[Round "9"]
[White "Karpov, Anatoly"]
[Black "Hort, Vlastimil"]
[Result "1-0"]
[WhiteElo "2705"]
[BlackElo "2600"]

1.e4 c6 2.Nc3 d5 3.Nf3 dxe4 4.Nxe4 Nf6 5.Nxf6+ exf6 6.Be2 Bd6 7.O-O O-O 8.d4 Re8
9.Re1 Bf5 10.Be3 Nd7 11.h3 Be4 12.Nd2 f5 13.Nxe4 fxe4 14.c4 Qc7 15.Bf1 Bh2+
16.Kh1 Bf4 17.Qd2 Bxe3 18.Qxe3 Nf6 19.Rad1 Rad8 20.Rd2 h6 21.g3 Qa5 22.b3 Rd7
23.Bg2 Red8 24.Red1 Qg5 25.Kg1 a6 26.Re2 Kf8 27.Qc3 Qf5 28.a4 Kg8 29.Qe3 Re8
30.Kf1 Qa5 31.Qd2 Qxd2 32.Rexd2 e3 33.Re2 exf2 34.Rxe8+ Nxe8 35.Kxf2 a5 36.Ke3 Kf8
37.Rb1 Ke7 38.g4 Kd8 39.b4 Re7+ 40.Kd3 axb4 41.Rxb4 Kc7 42.Rb1 Nf6 43.a5 Nd7
44.Ra1 Nb8 45.h4 Na6 46.Rb1 Nb8 47.Bf3 Nd7 48.Ra1 Re8 49.Rf1 Re7 50.Bg2 Nb8
51.Rf4 Nd7 52.Rf1 Nb8 53.Be4 Na6 54.Rb1 Nb8 55.Bf5 Nd7 56.Ra1 g6 57.Bxd7 Rxd7
58.Rf1 Kb8 59.Rf6 Ka7 60.h5 Ka6 61.g5 hxg5 62.h6 Kxa5 63.h7 Rd8 64.Rxf7 b5
65.cxb5 Kxb5 66.Rb7+ Ka6 67.Rg7 Rh8 68.Ke4 Kb5 69.Kf3 Kc4 70.Rd7 Kd3 71.Kg4 Rxh7
72.Rxh7 Kxd4 73.Rd7+  1-0

[Event "Tilburg"]
[Site "Tilburg"]
[Date "1979.??.??"]
[Round "9"]
[White "Timman, Jan H"]
[Black "Smyslov, Vassily"]
[Result "1-0"]
[WhiteElo "2625"]
[BlackElo "2560"]

1.d4 Nf6 2.Nf3 d5 3.c4 e6 4.Nc3 Bb4 5.cxd5 exd5 6.Bg5 h6 7.Bh4 g5 8.Bg3 Ne4
9.Nd2 Nxg3 10.hxg3 c6 11.e3 Be6 12.Bd3 Nd7 13.Qc2 Qf6 14.Qb3 c5 15.Bb5 Rc8
16.O-O Bxc3 17.bxc3 b6 18.Bxd7+ Bxd7 19.Qxd5 Qe6 20.Qb7 h5 21.Ne4 f6 22.Rfd1 O-O
23.d5 Qxe4 24.Qxd7 Ra8 25.d6 Rf7 26.Qb5 Rd8 27.Qb3 Kg7 28.Qd5 Qe5 29.Rd3 Rfd7
30.Rad1 Qe8 31.Qf5 Qe5 32.Qxe5 fxe5 33.Rd5 Kf6 34.f4 gxf4 35.gxf4 exf4 36.exf4 h4
37.Rh5 Rxd6 38.Rh6+ Ke7 39.Rdxd6 Rxd6 40.Rxd6 Kxd6 41.c4  1-0

[Event "Tilburg"]
[Site "Tilburg"]
[Date "1979.??.??"]
[Round "10"]
[White "Kavalek, Lubomir"]
[Black "Romanishin, Oleg M"]
[Result "1/2-1/2"]
[WhiteElo "2590"]
[BlackElo "2560"]

1.e4 e5 2.Nf3 Nc6 3.Bb5 Nf6 4.O-O Nxe4 5.d4 Nd6 6.Bxc6 dxc6 7.dxe5 Nf5 8.Qxd8+ Kxd8
9.Nc3 h6 10.Ne2 Be6 11.Nf4 Bc5 12.Bd2 Bc4 13.Rfd1 Ke8 14.b3 Bd5 15.Nxd5 cxd5
16.Ba5 c6 17.c4 dxc4 18.bxc4 b6 19.Bc3 Rd8 20.g4 Ne7 21.Nh4 h5 22.g5 Rg8
23.Kg2 Ng6  1/2-1/2

[Event "Tilburg"]
[Site "Tilburg"]
[Date "1979.??.??"]
[Round "10"]
[White "Smyslov, Vassily"]
[Black "Larsen, Bent"]
[Result "1-0"]
[WhiteElo "2560"]
[BlackElo "2620"]

1.Nf3 Nf6 2.g3 b5 3.Bg2 Bb7 4.O-O e6 5.d3 d5 6.c4 dxc4 7.dxc4 Qxd1 8.Rxd1 b4
9.Bf4 c5 10.Ne5 Bxg2 11.Kxg2 Be7 12.Nd2 O-O 13.Nb3 Rc8 14.Na5 Ne8 15.a3 f6
16.Nd3 Kf7 17.axb4 cxb4 18.Ra4 Nd7 19.b3 g5 20.Bd2 Rab8 21.Bxb4 Bxb4 22.Rxb4 Rb6
23.Ra4 e5 24.b4 e4 25.c5 Rb5 26.Nc1 Ne5 27.Na2 f5 28.Nc3 Rbb8 29.Rd5 Kf6
30.Nb3 Nc7 31.Rd6+ Kf7 32.Nd4 e3 33.Nxf5 exf2 34.Kxf2 a6 35.Ne4 Re8 36.Nxg5+ Kg8
37.e4 a5 38.Rxa5 Rxb4 39.Ra2 Rc4 40.Nh6+ Kg7 41.Ra7 Rc2+ 42.Kf1 Rxc5 43.Ne6+ Rxe6
44.Rxe6 Nf7 45.Re7  1-0

[Event "Tilburg"]
[Site "Tilburg"]
[Date "1979.??.??"]
[Round "11"]
[White "Sosonko, Gennadi"]
[Black "Timman, Jan H"]
[Result "0-1"]
[WhiteElo "2535"]
[BlackElo "2625"]

1.d4 Nf6 2.c4 e6 3.g3 c5 4.d5 exd5 5.cxd5 d6 6.Nc3 g6 7.Bg2 Bg7 8.Nf3 O-O
9.O-O Re8 10.Bf4 Nh5 11.Bg5 Qb6 12.Qd2 Nd7 13.h3 a6 14.Rac1 Ne5 15.g4 Nf6
16.Nxe5 Rxe5 17.b3 Bd7 18.Kh1 Rf8 19.f4 Ree8 20.e4 Kh8 21.e5 dxe5 22.fxe5 Rxe5
23.Bf4 Ree8 24.Qf2 h5 25.Qh4 Kg8 26.Bg5 Nh7 27.Be7 g5 28.Bxg5 Nxg5 29.Qxg5 Re5
30.Qf4 hxg4 31.hxg4 Qg6 32.Ne4 f5 33.Nxc5 fxg4 34.Qd2 Qh5+ 35.Kg1 g3 36.Rxf8+ Bxf8
37.Nd3 Qh2+ 38.Kf1 Rf5+ 39.Nf4 Bb5+  0-1